| 000 | 00335nam a2200133Ia 4500 | ||
|---|---|---|---|
| 008 | 150301s2013 xx 000 0 und d | ||
| 082 |
_a610.732 _bA13S |
||
| 100 | _aSONI, SANTA | ||
| 245 | _aTB. OF ADVANCE NURSING PRACTICE | ||
| 260 |
_bJAYPEE MEDICAL PUB. _c2013 |
||
| 300 | _a656 | ||
| 650 | _aNURSING PRACTICE | ||
| 942 |
_2ddc _cBK _046 |
||
| 999 |
_c6832 _d6832 |
||